| 000 | 01186cam a22002534a 4500 | ||
|---|---|---|---|
| 001 | 12651250 | ||
| 005 | 20210414113854.0 | ||
| 008 | 020122s2002 cou b 001 0 eng | ||
| 020 | _a1588260844 (alk. paper) | ||
| 040 |
_aDLC _cDLC _dDLC |
||
| 050 | 0 | 0 | _aH97.S5 |
| 100 | 1 | _aSharkansky, Ira. | |
| 245 | 1 | 0 |
_aPolitics and policymaking : in search of simplicity / _cIra Sharkansky. |
| 246 | 3 | _aPolitics and policymaking | |
| 260 |
_aBoulder, Colo. : _bL. Rienner, _c2002. |
||
| 300 |
_ax, 211 p. ; _c24 cm. |
||
| 440 | 0 | _aExplorations in public policy | |
| 504 | _aIncludes bibliographical references and index | ||
| 505 | _aContents: On Simplicity, politics, and policymaking -- The Mysteries of agenda-setting, policymaking and implementation -- Organizations designed not to be governed -- Choosing simple solutions for the problems of politics and policymaking -- Intelligence, cunning, and wisdom in politics and policymaking. | ||
| 650 | 0 |
_aPublic administration _xDecision making. |
|
| 906 |
_a7 _bcbc _corignew _d1 _eocip _f20 _gy-gencatlg |
||
| 942 |
_2lcc _cBK |
||
| 999 |
_c218 _d7718 |
||